000 00437nam a2200181Ia 4500
001 2408
005 20260306144805.0
008 260306t2020||||xx |||||||||||||| ||spa||
041 _aESP
082 _a616.89
_bJ72
100 _aJones Guerrero, Rebeka,
_eAUT
245 0 _aPsicología médica y comunicación
260 _c2020
300 _ax, 441 páginas :
_c23 cm.
650 _aGEN
654 _aCPS
942 _cLIB
_dJUS
_fJUS
_2ddc
_n
999 _c2408
_d2408